Statistics for Name the Arizona Quints from the movie Raising Arizona

Click here to take the quiz!

General Stats

  • This quiz has been taken 12 times
  • The average score is 3 of 5

Answer Stats

Arizona Quints% Correct
Nathan Jr.
89%
Barry
67%
Larry
67%
Gary
56%
Harry
44%

Score Distribution

Percentile by Number Answered

Percent of People with Each Score

Your Score History

You have not taken this quiz